<?xml version="1.0" encoding="UTF-8"?><?xml-stylesheet type="text/xsl" href="static/style.xsl"?><OAI-PMH xmlns="http://www.openarchives.org/OAI/2.0/" xmlns:xsi="http://www.w3.org/2001/XMLSchema-instance" xsi:schemaLocation="http://www.openarchives.org/OAI/2.0/ http://www.openarchives.org/OAI/2.0/OAI-PMH.xsd"><responseDate>2026-06-01T10:35:47Z</responseDate><request verb="GetRecord" identifier="oai:riuma.uma.es:10630/25134" metadataPrefix="marc">https://riuma.uma.es/rest/oai/request</request><GetRecord><record><header><identifier>oai:riuma.uma.es:10630/25134</identifier><datestamp>2026-02-03T12:33:14Z</datestamp><setSpec>com_10630_2254</setSpec><setSpec>col_10630_37959</setSpec></header><metadata><record xmlns="http://www.loc.gov/MARC21/slim" xmlns:dcterms="http://purl.org/dc/terms/" xmlns:doc="http://www.lyncode.com/xoai" xmlns:xsi="http://www.w3.org/2001/XMLSchema-instance" xsi:schemaLocation="http://www.loc.gov/MARC21/slim http://www.loc.gov/standards/marcxml/schema/MARC21slim.xsd">
   <leader>00925njm 22002777a 4500</leader>
   <datafield ind2=" " ind1=" " tag="042">
      <subfield code="a">dc</subfield>
   </datafield>
   <datafield ind2=" " ind1=" " tag="720">
      <subfield code="a">Hurtado-Requena, Sandro José</subfield>
      <subfield code="e">author</subfield>
   </datafield>
   <datafield ind2=" " ind1=" " tag="720">
      <subfield code="a">García-Nieto, José Manuel</subfield>
      <subfield code="e">author</subfield>
   </datafield>
   <datafield ind2=" " ind1=" " tag="720">
      <subfield code="a">Navas-Delgado, Ismael</subfield>
      <subfield code="e">author</subfield>
   </datafield>
   <datafield ind2=" " ind1=" " tag="720">
      <subfield code="a">Nebro-Urbaneja, Antonio Jesús</subfield>
      <subfield code="e">author</subfield>
   </datafield>
   <datafield ind2=" " ind1=" " tag="720">
      <subfield code="a">Aldana-Montes, José Francisco</subfield>
      <subfield code="e">author</subfield>
   </datafield>
   <datafield ind2=" " ind1=" " tag="260">
      <subfield code="c">2022-07-05</subfield>
   </datafield>
   <datafield ind2=" " ind1=" " tag="520">
      <subfield code="a">The computational reconstruction of Gene&#xd;
Regulatory Networks (GRNs) from gene expression data has been&#xd;
modelled as a complex optimisation problem, which enables the use of&#xd;
sophisticated search methods to address it. Among these techniques,&#xd;
particle swarm optimisation based algorithms stand out as prominent techniques with fast convergence and accurate network inferences. A multi-objective approach for the inference of GRNs consists&#xd;
of optimising a given network’s topology while tuning the kinetic order parameters in an S-System, thus preventing the use of unnecessary penalty weights and enables the adoption of Pareto optimality&#xd;
based algorithms. In this study, we empirically assess the behaviour of&#xd;
a set of multi-objective particle swarm optimisers based on different&#xd;
archiving and leader selection strategies in the scope of the inference&#xd;
of GRNs. The main goal is to provide system biologists with experimental evidence about which optimisation technique performs with&#xd;
higher success for the inference of consistent GRNs. The experiments&#xd;
conducted involve time-series datasets of gene expression taken from&#xd;
the DREAM3/4 standard benchmarks, as well as in vivo datasets from&#xd;
IRMA and Melanoma cancer samples. Our study shows that multiobjective particle swarm optimiser OMOPSO obtains the best overall&#xd;
performance. Inferred networks show biological consistency in accordance with in vivo studies in the literature.</subfield>
   </datafield>
   <datafield ind1="8" ind2=" " tag="024">
      <subfield code="a">https://hdl.handle.net/10630/25134</subfield>
   </datafield>
   <datafield tag="653" ind2=" " ind1=" ">
      <subfield code="a">Genética - Investigación - Congresos</subfield>
   </datafield>
   <datafield tag="653" ind2=" " ind1=" ">
      <subfield code="a">Bioinformática - Congresos</subfield>
   </datafield>
   <datafield ind2="0" ind1="0" tag="245">
      <subfield code="a">Reconstruction of Gene Regulatory Networks with Multi-objective Particle Swarm Optimisers</subfield>
   </datafield>
</record>
</metadata></record></GetRecord></OAI-PMH>